Estado, eficiencia y democracia /
Uloženo v:
| Hlavní autor: | |
|---|---|
| Médium: | Text |
| Tagy: |
Přidat tag
Žádné tagy, Buďte první, kdo vytvoří štítek k tomuto záznamu!
|
MARC
| LEADER | 00000 a a2200000 04500 | ||
|---|---|---|---|
| 001 | 48113 | ||
| 003 | |||
| 040 | |||
| 100 | |a Urcuyo Fournier, Constantino | ||
| 245 | |a Estado, eficiencia y democracia / |c Constantino Urcuyo Fournier | ||
| 773 | |g número44, (octubre-diciembre, 1996), páginas 49-50 | ||
| 999 | |c 28718 |d 28718 | ||
